LEADER 00565naa a2200145 i 4500 001 000000296516 003 CaOOAMICUS 005 20180831172546.0 008 180831n xx u000 u und u 013 $a3965 040 $aSeMil$bita 100 1 $aStookey, Laurence H.$0(OLS)http://semarc/name/85500 245 10$aThree new initiation rites. 773 0 $aBradshaw, Paul F. <1945- >$tLiving water, sealing spirit.$dCollegeville, Minnesota : The Liturgical Press, 1995.$kA pueblo book$z0-8146-6140-8$w()50407 996 $6245$aThree new initiation rites$9(OLS)http://semarc/title/372569 LEADER 00499nab a2200133 i 4500 001 000000326594 003 CaOOAMICUS 005 20180831173525.0 008 180831n it uu u0 0ita r 013 $a37748 040 $aSeMil$bita 245 10$aQuadriennio Teologico. Brevi di cronaca. - In [rubrica] :$bNotizie dai Seminari. 773 0 $t[GIUGNO-LUGLIO 2000]. - 33 p.$gp.25$w()288228 996 $6245$aQuadriennio Teologico. Brevi di cronaca. - In [rubrica] :$bNotizie dai Seminari.$9(OLS)http://semarc/title/398929